00618cam a22002411 4500001001300000003000400013005001700017008004100034010001700075035002000092040001800112042001200130043001200142050001600154100002000170245004900190260001100239300002200250500001400272504002600286650004700312999001700359sa 65008765 DLC20260227112157.0920227s1964 ii b 000 0 hino  asa 65008765  a(OCoLC)25357548 aDLCcWaUdDLC apremarc aa-ii---00aPL4650b.S60 aSiddhagopāla.10aKannaḍa sāhitya kā navīna itihāsa. c[1964] a6, 200 p.c19 cm. aIn Hindi. aBibliography: p. 194. 0aKannada literaturexHistory and criticism. c65850d65850